The global infrastructure challenge: (Record no. 115262)
[ view plain ]
| 000 -LEADER | |
|---|---|
| fixed length control field | 01161cad a22002175a 4500 |
| 001 - CONTROL NUMBER | |
| control field | L158318 |
| 008 - FIXED-LENGTH DATA ELEMENTS--GENERAL INFORMATION | |
| fixed length control field | 130501s2013 xxk ofs 000 0 eng d |
| 035 ## - SYSTEM CONTROL NUMBER | |
| System control number | (Sirsi) u158318 |
| 041 0# - LANGUAGE CODE | |
| Language code of text/sound track or separate title | eng |
| 110 2# - MAIN ENTRY--CORPORATE NAME | |
| Corporate name or jurisdiction name as entry element | Royal Institution of Chartered Surveyors |
| 9 (RLIN) | 4900 |
| 245 04 - TITLE STATEMENT | |
| Title | The global infrastructure challenge: |
| Remainder of title | The role of PPP in a new financial and economic paradigm |
| Medium | [electronic resource] |
| 260 ## - PUBLICATION, DISTRIBUTION, ETC. | |
| Place of publication, distribution, etc. | London |
| Name of publisher, distributor, etc. | RICS |
| Date of publication, distribution, etc. | 2013 |
| 490 ## - SERIES STATEMENT | |
| Series statement | RICS Research |
| 520 ## - SUMMARY, ETC. | |
| Summary, etc. | Provides an updated position on the global Public Private Partnership (PPP) market and the role PPP could occupy in redressing the global infrastructure investment gap. Considers the prospects for PPP in five key markets the US, Canada, UK, India and Australia. Outlines the increasingly urgent need for new investment models, better data analysis and increased capability in infrastructure delivery. |
| 650 24 - SUBJECT ADDED ENTRY--TOPICAL TERM | |
| Topical term or geographic name entry element | PUBLIC PRIVATE PARTNERSHIPS |
| 651 #4 - SUBJECT ADDED ENTRY--GEOGRAPHIC NAME | |
| Geographic name | International |
| 690 ## - LOCAL SUBJECT ADDED ENTRY--TOPICAL TERM (OCLC, RLIN) | |
| Topical term or geographic name as entry element | Infrastructure |
| 9 (RLIN) | 6246 |
| 700 1# - ADDED ENTRY--PERSONAL NAME | |
| Personal name | Haran, Martin |
| 856 40 - ELECTRONIC LOCATION AND ACCESS | |
| Uniform Resource Identifier | <a href="https://www.rics.org/Global/Global_Infrastructure_Challenge_301013_dwl_aj.pdf">https://www.rics.org/Global/Global_Infrastructure_Challenge_301013_dwl_aj.pdf</a> |
| Public note | View the item free of charge at www.rics.org |
| 942 ## - ADDED ENTRY ELEMENTS (KOHA) | |
| Suppress in OPAC | 0 |
| Withdrawn status | Lost status | Source of classification or shelving scheme | Damaged status | Not for loan | Home library | Current library | Shelving location | Date acquired | Total Checkouts | Full call number | Barcode | Date last seen | Copy number | Price effective from | Koha item type |
|---|---|---|---|---|---|---|---|---|---|---|---|---|---|---|---|
| Dewey Decimal Classification | Virtual | Virtual | Online | 08/12/2014 | ONLINE PUBLICATION | 158318-2001 | 06/08/2019 | 1 | 06/08/2019 | Book |